All Countries With a Place Called Santa Cruz - Statistics

General Stats
  • This quiz has been taken 32 times
  • The average score is 23 of 31
Answer Stats
Answer % Correct
Colombia
100%
Chile
96%
Guatemala
96%
Panama
96%
Spain
96%
United States of America
96%
Argentina
93%
Bolivia
93%
Ecuador
93%
Mexico
93%
Peru
93%
Venezuela
93%
Brazil
89%
Costa Rica
89%
Honduras
89%
Nicaragua
89%
Cuba
86%
Dominican Republic
86%
Portugal
86%
Trinidad and Tobago
79%
Belize
75%
Jamaica
75%
Philippines
68%
São Tomé and Príncipe
50%
Cape Verde
43%
Algeria
32%
India
32%
Puerto Rico
21%
Aruba
18%
Solomon Islands
14%
Curaçao
11%
No matching quizzes found
Score Distribution
Percent of People with Each Score
Percentile by Number Answered
Your Score History
You have not taken this quiz